| 000 | 00752nam a22002291 4500 | ||
|---|---|---|---|
| 005 | 2009052801511.0 | ||
| 008 | 721219s1962 nyu 000 0 eng | ||
| 010 | _aENG-93788 | ||
| 020 | _c150.00 | ||
| 035 | _aEN-77321 | ||
| 037 | _bDBAD / PUB | ||
| 040 |
_adpl _bEnglish |
||
| 082 | _aN | ||
| 100 | _aSharat Chand | ||
| 245 |
_aDevdas / _cby Sharat Chand |
||
| 260 |
_aNew Delhi _bS.K. Publishers _c2007 |
||
| 270 |
_aA-47, Amar Colony, Lajpat Nagar, _bNew Delhi _e110024 |
||
| 300 |
_a136p. _c23cm(Hb) |
||
| 942 |
_cEN _mSHA _2ddc _hN |
||
| 999 |
_c26918 _d26918 |
||